<?xml version="1.0" encoding="UTF-8"?><?xml-stylesheet type="text/xsl" href="static/style.xsl"?><OAI-PMH xmlns="http://www.openarchives.org/OAI/2.0/" xmlns:xsi="http://www.w3.org/2001/XMLSchema-instance" xsi:schemaLocation="http://www.openarchives.org/OAI/2.0/ http://www.openarchives.org/OAI/2.0/OAI-PMH.xsd"><responseDate>2026-04-18T04:21:44Z</responseDate><request verb="GetRecord" identifier="oai:www.recercat.cat:10459.1/63819" metadataPrefix="marc">https://recercat.cat/oai/request</request><GetRecord><record><header><identifier>oai:recercat.cat:10459.1/63819</identifier><datestamp>2024-12-05T22:07:47Z</datestamp><setSpec>com_2072_3622</setSpec><setSpec>col_2072_479130</setSpec></header><metadata><record xmlns="http://www.loc.gov/MARC21/slim" xmlns:dcterms="http://purl.org/dc/terms/" xmlns:xsi="http://www.w3.org/2001/XMLSchema-instance" xmlns:doc="http://www.lyncode.com/xoai" xsi:schemaLocation="http://www.loc.gov/MARC21/slim http://www.loc.gov/standards/marcxml/schema/MARC21slim.xsd">
   <leader>00925njm 22002777a 4500</leader>
   <datafield ind2=" " ind1=" " tag="042">
      <subfield code="a">dc</subfield>
   </datafield>
   <datafield ind2=" " ind1=" " tag="720">
      <subfield code="a">Alfonso Ruiz, Leopoldo</subfield>
      <subfield code="e">author</subfield>
   </datafield>
   <datafield ind2=" " ind1=" " tag="260">
      <subfield code="c">2011-04-12T17:52:59Z</subfield>
   </datafield>
   <datafield ind2=" " ind1=" " tag="260">
      <subfield code="c">2001-04-06</subfield>
   </datafield>
   <datafield ind2=" " ind1=" " tag="260">
      <subfield code="c">1995-10-20</subfield>
   </datafield>
   <datafield ind2=" " ind1=" " tag="260">
      <subfield code="c">2001-04-06</subfield>
   </datafield>
   <datafield ind2=" " ind1=" " tag="520">
      <subfield code="a">L'eficiència en la producció de carn magra és el principal objectiu de la millora genètica porcina (Brascampi De Vries, 1992). D'entre els caràcters que determinen l'eficiència d'aquesta producció - la velocitat de creixement, el percentatge de magre de la canal, l'eficàcia en la conversió de l'aliment i el nombre de garrins criats per truja i any - fins fa pocs anys sols els tres primers formaven part de l'objectiu de selecció en la majoria de les poblacions europees (Webb i Bampton, 1989). Això no obstant, la situació ha anat canviant; el nombre de garrins criats per truja i any ha anat adquirint major importància en la rendibilitat de les explotacions porcines i, per a determinats productes, s'han anat arribat nivells òptims de magre en les canals (Hill i Webb, 1982). &lt;br/>Objectius: &lt;br/>1.- Estimar els components de variança de la prolificitat mitjançant un model amb repetibilidad i sense efectes materns, i discutir l'efecte de la selecció de la població base sobre aquestes estimacions. &lt;br/>2.- Analitzar l'existència d'efectes materns sobre la prolificitat. &lt;br/>3.- Analitzar l'existència d'heterogeneïtat genètica entre la prolificitat de distints parts d'una mateixa truja. &lt;br/>4.- Avaluar les implicacions de l'existència d'heterogeneïtat genètica entre parts en l'avaluació genètica dels animals candidats a ser pares, i decidir, fent referència a un experiment de selecció hiperprolífica, quin model d'avaluació genètica utilitzar.</subfield>
   </datafield>
   <datafield ind2=" " ind1=" " tag="520">
      <subfield code="a">La eficiencia en la producción de carne magra es el principal objetivo de la mejora genética porcina (Brascamp y De Vries, 1992). De entre los caracteres que determinan la eficiencia de esa producción - la velocidad de crecimiento, el porcentaje de magro de la canal, la eficacia en la conversión del alimento y el número de lechones criados por cerda y año - hasta hace pocos años sólo los tres primeros formaban parte del objetivo de selección en la mayoría de las poblaciones europeas (Webb y Bampton, 1989). No obstante, la situación ha ido cambiando; el número de lechones criados por cerda y año ha ido adquiriendo mayor importancia en la rentabilidad de las explotaciones porcinas y, para determinados productos, se han ido alcanzado niveles óptimos de magro en las canales (Hill y Webb, 1982).&lt;br/>Objetivos:&lt;br/>1.- Estimar los componentes de varianza de la prolificidad mediante un modelo con repetibilidad y sin efectos maternos, y discutir el efecto de la selección de la población base sobre esas estimaciones.&lt;br/>2.- Analizar la existencia de efectos maternos sobre la prolificidad.&lt;br/>3.- Analizar la existencia de heterogeneidad genética entre la prolificidad de distintos partos de una misma cerda.&lt;br/>4.- Evaluar las implicaciones de la existencia de heterogeneidad genética entre partos en la evaluación genética de los animales candidatos a ser padres, y decidir, haciendo referencia a un experimento de selección hiperprolífica, qué modelo de evaluación genética utilizar.</subfield>
   </datafield>
   <datafield ind1="8" ind2=" " tag="024">
      <subfield code="a">http://hdl.handle.net/10459.1/63819</subfield>
   </datafield>
   <datafield tag="653" ind2=" " ind1=" ">
      <subfield code="a">porcs</subfield>
   </datafield>
   <datafield tag="653" ind2=" " ind1=" ">
      <subfield code="a">genètica</subfield>
   </datafield>
   <datafield tag="653" ind2=" " ind1=" ">
      <subfield code="a">producció</subfield>
   </datafield>
   <datafield tag="653" ind2=" " ind1=" ">
      <subfield code="a">cria i millora</subfield>
   </datafield>
   <datafield tag="653" ind2=" " ind1=" ">
      <subfield code="a">Ciències experimentals de la natura i la vida</subfield>
   </datafield>
   <datafield tag="653" ind2=" " ind1=" ">
      <subfield code="a">636</subfield>
   </datafield>
   <datafield ind2="0" ind1="0" tag="245">
      <subfield code="a">Variabilidad genética y selección de la prolificidad en porcino</subfield>
   </datafield>
</record></metadata></record></GetRecord></OAI-PMH>